Rafael del riego Una vida por la Constitucin̤ /

Detalles Bibliográficos
Autor principal: ℓlvarez Alonso, Clara
Formato: eBook
Lenguaje:español
Publicado: Madrid: Dykinson, 2021
Materias:
Acceso en línea:Acceso restringido

MARC

LEADER 00000nam a22000007a 4500
005 20220907005411.0
007 cr|||| |||
008 220907s2021 es |||||s|||| 00||0 spa d
020 |a 978-84-1122-085-9 
035 |a 36460 
040 |a vLex 
090 |c 13887  |d 13887 
100 1 |a ℓlvarez Alonso, Clara 
245 1 0 |a Rafael del riego  |h [Recurso electrn̤ico] :  |b Una vida por la Constitucin̤ /  |c Clara ℓlvarez Alonso 
256 |a Servicio en ln̕ea 
260 |a Madrid:  |b Dykinson,  |c 2021 
300 |a 1 recurso electrn̤ico 
500 |a La instauracin̤ del segundo periodo constitucional en 1820 vena̕ precedida por alternativas a la Constitucin̤ restaurada, las ms̀ importantes de las cuales estaban influidas por el moderantismo y doctrinarismo que profesaban una parte relevante de diputados en las Cortes inauguradas en junio de ese aǫ y la mayora̕ de los Gobiernos del periodo. Todos ellos defendieron un modelo similar a la Charte constitutionnelle francesa de 4 de junio de 1814 y, en consecuencia, se opusieron con vehemencia al sistema monocameral, al veto suspensivo y a la preeminencia del Legislativo entre otras caracters̕ticas que ofreca̕ la de 1812. Este libro tiene por objeto la confrontacin̤ de las ideas de constitucin̤ y los tipos constitucionales de las dos principales ramas del liberalismo a travš del anl̀isis de los casos que afectaron al general y diputado exaltado Rafael del Riego. En ellos, esa lucha, a travš de una de sus expresiones ms̀ elocuentes -el enfrentamiento entre el Ejecutivo y el Legislativo y el surgimiento de prc̀ticas espurias-, se manifiesta de una manera elocuente. 
506 1 |a Disponible solo en los productos indicados  |d vLex Global  |d vLex Global (Academic Edition, excluding Law Schools)  |d vLex Global (U.S. Academic Edition, Law Schools)  |d vLex Global (U.S. Academic Edition, excluding Law Schools)  |d vLex Global (Academic Edition, Law Schools) 
650 0 4 |a Derecho Militar  |z Espaą 
650 0 4 |a Historia y geografa̕  |z Espaą 
740 0 |a vLex Libros (Servicio en ln̕ea) 
856 4 0 |u https://app.vlex.com/#/sources/36460  |z Acceso restringido 
942 |c BOOK